01285 a2200253 4500003000500000005001700005010001700022020001500039035002300054040000900077082001700086100001800103245014300121260008100264300003400345505022000379650003400599650004300633650004000676700002600716856010600742856009100848856009200939Nust20220816191611.0 a 2005276533 a0470013516 a(OCoLC)ocm57692300 cNust00a621.3821,KRE1 aKreher, Ralf.10aUMTS signalling :bUMTS interfaces, protocols, message flows and procedures analyzed and explained /cRalf Kreher and Torsten R赤enbusch. aChichester, West Sussex, England ;aHoboken, NJ :bJohn Wiley & Sons,c2005. axii, 438 p. :bill. ;c26 cm. aUMTS Basic (Page-1), Short Interdouction to Network Monitoring, Troubleshooting and Network Optimization (Page-133), UMTS UTRAN Signaling Procedures (Page-149), Sigaling Procedures in The 3G Core Network (Page-351). 0aTelecommunication Engineering 0aTelecommunicationxMessage processing. 0aTelecommunicationxQuality control.1 aR赤enbusch, Torsten.423Contributor biographical informationuhttp://www.loc.gov/catdir/enhancements/fy0626/2005276533-b.html423Publisher descriptionuhttp://www.loc.gov/catdir/enhancements/fy0626/2005276533-d.html423Table of contents onlyuhttp://www.loc.gov/catdir/enhancements/fy0626/2005276533-t.html